000 00692cam a22002651 4500
001 sa 68000894
003 DLC
005 20260227112428.0
008 890317s1966 xx 000 0 hino
010 _asa 68000894
035 _a(OCoLC)23559295
040 _aDLC
_cMiU
_dDLC
042 _apremarc
043 _aa-ii---
050 0 0 _aJQ220.L3
_bA82
100 1 _aAruṇā, Ālaṭi.
245 1 0 _aInti ēkātipattiyam.
260 _c[1966]
300 _axvi, 390 p.
_c18 cm.
500 _aRomanized.
650 0 _aHindi language.
651 0 _aIndia
_xLanguages.
651 0 _aChennai (India)
_xPolitics and government.
651 0 _aTamil Nadu (India)
_xPolitics and government.
999 _c77529
_d77529